Περί Μωάμεθ και κατά Λατείνων σύγγραμμα

Αποθηκεύτηκε σε:
Λεπτομέρειες βιβλιογραφικής εγγραφής
Κύριος συγγραφέας: Γόρδιος, Αναστάσιος, 1654-1729
Άλλοι συγγραφείς: Αργυρίου, Αστέριος (Επιμελητής έκδοσης)
Μορφή: Βιβλίο
Γλώσσα:Greek
Δημοσίευση: Θεσσαλονίκη : Ostracon publishing, 2018.
Σειρά:(Collecta Academica ; 30)
Θέματα:
Ετικέτες: Προσθήκη ετικέτας
Δεν υπάρχουν, Καταχωρήστε ετικέτα πρώτοι!

MARC

LEADER 00000cam a2200000 a 4500
001 1/120521
008 191213s2018####gr ||||||| |||| ||gre||
020 |a 9786185146672 
040 |a GR-MyUa  |b gre  |c GR-MyUa  |e AACR2 
041 0 |a gre 
082 7 |a 230.19  |2 (23) 
100 1 |a Γόρδιος, Αναστάσιος,   |d 1654-1729. 
245 1 0 |a Περί Μωάμεθ και κατά Λατείνων σύγγραμμα /   |c Αναστάσιος Γόρδιος ; εισαγωγή-κριτική έκδοση-σχόλια : Αστέριος Αργυρίου.  
260 |a Θεσσαλονίκη :   |b Ostracon publishing,   |c 2018.  
300 |a 227 σ. ;   |c 24 εκ.  
490 0 |a (Collecta Academica ;   |v 30)  
600 0 0 |a Muhammad  |c Prophet  |d d. 632. 
610 2 0 |a Orthodox Eastern Church  |x Doctrines  |x Early works to 1800. 
610 2 0 |a Catholic church  |x Controversial literature  |x Early works to 1800. 
650 0 |a Islam  |x Controversial literature. 
700 1 |a Αργυρίου, Αστέριος,  |e edt 
852 |a INST  |b LESVOS  |e 20191213  |h 230.19 ΓΟΡ  |p 005100062917  |q 005100062917  |t BK  |y 0 
920 |a ΠΜΣ Κρίση και Ιστορική Αλλαγή  |y Λέσβος  |z 2019-10 
970 |a Δημάκη  |b Μαρία  |z 13-12-2019